000 00846nam a22002057a 4500
005 20240530110858.0
008 160329s2009 ua g b 000 1 ara d
040 _aEG-CaGPL
082 0 4 _221
_a306.42/
_bم ع
100 0 _aمحمد على البدوى
245 1 0 _aعلم اجتماع الادب :
_bالنظرية والمنهج والموضوع /
_cمحمد على البدوى
260 _aالقاهرة :
_bدار المعرفة الجامعية،
_c2009 .
300 _a402 ص ؛
_c24 سم .
504 _aيشتمل على ارجاعات ببليوجرافية
650 0 7 _2qrmak
_aالرومانسية
_xالادب العربى
650 0 7 _2qrmak
_aالاجتماع الادبى، علم
650 0 7 _2qrmak
_aالكلاسيكية
_vالادب العربى
942 _2ddc
_cBK
999 _c66074
_d66074